China and the wto: accession, policy reform and poverty reduction strategies /

保存先:
書誌詳細
第一著者: Bhattasali, Deepak
共著者: World Bank, Oxford University Press
その他の著者: ed Li, Shantong ed Martin, Will ed
フォーマット: テキスト
出版事項: Washington, D.C.: The International Bank for Reconstruction and Development
タグ: タグ追加
タグなし, このレコードへの初めてのタグを付けませんか!

MARC

LEADER 00000 a a2200000 04500
001 31152
003
040
020 |a 0-8213-5667-4  
090 |a 196100  
100 |a Bhattasali, Deepak  
110 |a World Bank  
245 |a China and the wto: accession, policy reform and poverty reduction strategies /  |c World Bank  
260 |a Washington, D.C.:   |b The International Bank for Reconstruction and Development  
300 |a 334 p.  
700 |a ed   |a Li, Shantong   |a ed   |a Martin, Will   |a ed  
710 |a Oxford University Press  
999 |c 6811  |d 6811